Sporty i gry - Statystyki

Ogólne statystyki
  • Ten quiz został rozwiązany 219 razy
    215 od ostatniego zresetowania
  • Średni wynik to 19 z 22
Statystyki odpowiedzi
Obrazkowy Odpowiedź % Poprawnych
Szachy
99%
Hokej
97%
Koszykówka
97%
Piłka nożna
96%
Pływanie
96%
Siatkówka
96%
Golf
95%
Piłka ręczna
94%
Bilard
93%
Skoki narciarskie
91%
Tenis stołowy
91%
Warcaby
89%
Kolarstwo
84%
Chińczyk
83%
Łyżwiarstwo
83%
Tenis ziemny
81%
Kajakarstwo
80%
Surfing
75%
Badminton
70%
Narciarstwo
69%
Żeglarstwo
65%
Lekkoatletyka
43%
Nie znaleziono quizów pasujących do podanych kryteriów
Rozkład punktacji
Procent ludzi z każdym wynikiem
Percentyl według liczby udzielonych odpowiedzi
Twoja historia wyników
Nie rozwiązałeś tego quizu od ostatniego zresetowania